| 000 | 00619cam a2200205 a 4500 | ||
|---|---|---|---|
| 001 | 000008299 | ||
| 005 | 20200929161326.0 | ||
| 008 | 940610s1993 sp 000 0 spa | ||
| 020 | _a8423973018 | ||
| 040 |
_aDO-SdBNP _bspa _cBNPHU |
||
| 082 |
_a863.64 _bP977b |
||
| 100 | 1 |
_aPuértolas, Soledad. _d1947- _921933 |
|
| 245 | 1 | 0 |
_aBurdeos / _cSoledad Puértolas ; prólogo, Enrique Vila-Matas. |
| 260 |
_aMadrid : _bEspasa Calpe, _c1993. |
||
| 300 |
_a148 p. ; _c18 cm. |
||
| 490 | 1 | _aAustral | |
| 490 | 1 |
_aPensamiento/contemporaneos ; _vno. 301 |
|
| 650 | 4 |
_aNovela española _91123 |
|
| 650 | 4 |
_aLiteratura española _9632 |
|
| 999 |
_c8070 _d8070 |
||